Land vs. Land #141 - Statistiken

Allgemein
  • Dieses Quiz wurde 18 mal gespielt
  • Das Durchschnittsergebnis liegt bei 12 aus 14
Antwortstatistiken
Frage Antwort % Korrekt
...Fläche? USA🇺🇸
94%
...Einwohner? USA🇺🇸
94%
...Bruttoinlandsprodukt? USA🇺🇸
94%
...Militär? USA🇺🇸
94%
...Exportmengen? USA🇺🇸
94%
...Gewinner? USA🇺🇸
94%
...Bruttoinlandsprodukt pro Kopf? USA🇺🇸
88%
...Tourismus? USA🇺🇸
88%
...Frieden? Philippinen🇵🇭
81%
...HDI (Human Development Index)? USA🇺🇸
75%
...Gesundheitswesen? USA🇺🇸
75%
...durchschnittlicher IQ? USA🇺🇸
75%
...Happy Planet Index? Philippinen🇵🇭
63%
...Lebenserwartung? USA🇺🇸
63%
Keine übereinstimmenden Quizze gefunden
Verteilung der Resultate
Anzahl Personen mit jedem Resultat
Perzentil nach korrekt beantworteten Fragen
Ihre Resultats-Entwicklung
Sie haben dieses Quiz noch nicht gespielt